О превращении бромаминов под влиянием окиси серебра и гидроксиламина; О строении гексагидробензола (статья вторая)

Dades bibliogràfiques
Autor principal: Кижнер Н. М. Николай Матвеевич
Sumari:Текст в русской дореформенной орфографии
Дозволено цензурою. Москва, 25 августа 1899 г.
Idioma:rus
Publicat: Москва, Типо-литография Т-ва И. Н. Кушнерев и К, 1899
Copublished:. О строении гексагидробензола (статья вторая)
Matèries:
Format: MixedMaterials Llibre
KOHA link:https://koha.lib.tpu.ru/cgi-bin/koha/opac-detail.pl?biblionumber=269710

MARC

LEADER 00000nam0a2200000 4500
001 269710
005 20231101234259.0
035 |a (RuTPU)RU\TPU\book\292887 
090 |a 269710 
100 |a 20140922d1890 k y0rusy50 ca 
101 0 |a rus 
102 |a RU 
105 |a y z 000zy 
200 1 |a О превращении бромаминов под влиянием окиси серебра и гидроксиламина  |f Н. М. Кижнер 
210 |a Москва  |c Типо-литография Т-ва И. Н. Кушнерев и К  |d 1899 
215 |a 119, 14 с. 
300 |a Текст в русской дореформенной орфографии 
300 |a Дозволено цензурою. Москва, 25 августа 1899 г. 
316 |5 63413507: ШкА/491  |a Множественные владельческие записи 
316 |5 63413507: ШкА/491  |a Владельческий конволют 
423 |t О строении гексагидробензола (статья вторая)  |o Из химической лаборатории Московского Университета 
606 1 |a Органическая химия  |2 stltpush  |3 (RuTPU)RU\TPU\subj\47309  |9 66362 
610 1 |a труды учёных ТПУ 
610 1 |a коллекция ТПУ 
610 1 |a владельческая надпись 
610 1 |a окись серебра 
610 1 |a окисление 
610 1 |a кислые растворы 
610 1 |a соли 
610 1 |a строение 
675 |a 547  |v 3 
700 1 |a Кижнер  |b Н. М.  |c российский химик-органик  |c почетный член АН СССР (1934)  |c профессор Томского технологического института (1901-1913)  |f 1867-1935  |g Николай Матвеевич  |2 stltpush  |3 (RuTPU)RU\TPU\pers\19079 
801 1 |a RU  |b 63413507  |c 20140922 
801 2 |a RU  |b 63413507  |c 20191224  |g RCR 
942 |c BK